| 000 | 00565nam a2200229Ia 4500 | ||
|---|---|---|---|
| 003 | OSt | ||
| 005 | 20221018163541.0 | ||
| 008 | 210210b2010 xxu||||| |||| 00| 0 eng d | ||
| 020 | _a9780857092236 | ||
| 040 | _cAL | ||
| 041 | _aeng | ||
| 082 | _a510 MCGF | ||
| 100 |
_aMCGREGOR (Colin) _959909 |
||
| 245 | _aFundamentals of university mathematics | ||
| 250 | _a3 | ||
| 260 |
_aCambridge _bWoodhead Publishing Ltd _c2010 |
||
| 300 | _axii, 551 | ||
| 690 |
_aMathematics _959910 |
||
| 700 |
_aNIMMO (Jonathan) _959911 |
||
| 906 | _a067142 | ||
| 942 |
_2ddc _cBK |
||
| 999 |
_c149477 _d149477 |
||